| Registos Bibliográficos associados ao registo de autoridade |
|
Etiqueta de registo: 00575cam 022001931 04500 001 269064 003 http://id.bnportugal.gov.pt/bib/catbnp/269064 005 19981207023000.0 095 ## $aPTBN00279761 100 ## $a19940620d1950 m y0pora0103 ba 101 1# $apor 102 ## $aPT 105 ## $ay z 000ay 106 ## $ar 200 1# $aLadrões de bicicletas$eromance$fLuigi Bartolini$gtrad. Carlos de Oliveira 210 #9 $aLisboa$cGuimarães & Cª,$dimp. 1950 215 ## $a179, [2] p.$d19 cm 675 ## $a821.131.1-31"19"$vBN$zpor$3556093 700 #1 $aBartolini,$bLuigi,$f1892-1963$345505 702 #1 $aOliveira,$bCarlos Lobo de,$f1895-1973$4730$336828 801 #0 $aPT$bBN$gRPC 966 ## $lBN$mFGMON$sB.R. 12071 966 ## $lBN$mFGMON$sL. 39613 P. 966 ## $lBN$mFGMON$pBiblioteca Popular$sL. 95514 P.$x6
Etiqueta de registo: 00254nam 2200025 450 001 2285007 003 http://id.bnportugal.gov.pt/bib/catbnp/2285007 010 ## $a978-989-9328-41-9 021 ## $aPT$b558356/25 100 ## $a20260422d2026 m y0pory01030103ba 101 1# $apor$cita 102 ## $aPT 105 ## $ay z 000yy 106 ## $ar 200 1# $aLadrões de bicicletas$fLuigi Bartolini$gtrad. José Serra 205 ## $a1ª ed 210 #9 $aSilveira$cE-Primatur,$d2026 215 ## $a206, [1] p.$d20 cm 700 #1 $aBartolini,$bLuigi,$f1892-1963$345505 702 #1 $aSerra,$bJosé$4730$3286913 801 #0 $aPT$bBN$gRPC 966 ## $lBN$mFGMON$x1 966 ## $lBN$mFGMON$x1 971 ## $cssilva$d20260422
|
|
|